Statistiques concernant Personnalités francophones en S

Cliquez ici pour prendre le quiz!

Statistiques générales

  • Ce quiz a été pris 332 fois
  • Le résultat moyen est 9 sur 16

Statistiques - réponses

Réponse% Correct
Stromae
98%
Nicolas Sarkozy
96%
Omar Sy
96%
Soprano
95%
SCH
83%
Léa Salamé
63%
Michel Sardou
63%
Alain Souchon
60%
Hélène Ségara
60%
Slimane
50%
Léa Seydoux
45%
Jean-Paul Sartre
30%
Simone Signoret
22%
Mory Sacko
7%
Antoine de Saint-Exupéry
6%
Stendhal
5%

Distribution des résultats

Percentile par nombre de réponses

% des personnes avec chaque résultat

Votre développement - résultats

Vous n’avez pas pris ce quiz